BIBLIOTHÈQUE DE LA MAISON DU MEXIQUE

Logo 1 Logo 2

Corpus (notice nᵒ 11088)

détails MARC
000 -Sello discográfico
campo de control de longitud fija 00935nam a2200361 4500
005 - Identificación de versión
campo de control 20251016083843.0
010 ## - Número Estándar Internacional de Libros (ISBN)
Número (ISBN) 2-221-10084-0
035 ## - Otros números de control del sistema
Número de control del sistema 4513
099 ## - fechas locales
Tipo de ítem Koha LIBRO
100 ## - Datos de procesamiento general
Datos de procesamiento general 20040309d2003 m y1spay5003 ba
105 ## - Campo de datos codificados: Material textual, monográfico
Datos codificados de monografía a 001zy
200 1# - Título y mención de responsabilidad
Título propio Corpus
Designación general del material texto impreso
Primer mención de responsabilidad Alejandra Figueroa
Declaración de responsabilidad subsiguiente postface Philippe Sollers
210 ## - Publicación, distribución, etc.
Lugar de publicación, distribución, etc. Paris
Nombre del editor, distribuidor, etc. Robert Laffont
Fecha de publicación, distribución, etc. 2003
215 ## - Descripción física
Designación de material específico y extensión del ítem s.p
Otras características físicas principalmente fot.
Dimensiones 37 cm
318 ## - Nota de acción
Acción No se presta a domicilio
345 ## - Nota de información de adquisición
Fuente de adquisición/dirección de la suscripción [OBSOLETO] Donación
606 ## - Término temático usado como materia
Elemento de entrada Fotografía de escultura
Número Koha 17715
660 ## - Código de área geográfica
Código MX
676 ## - Clasificación Decimal Dewey
Número F779 F475c
700 ## - Nombre personal - Responsabilidad primaria
Elemento de entrada Figueroa
Parte del nombre distinta del elemento de entrada Alejandra
Número Koha 8899
702 ## - Nombre personal - Responsabilidad secundaria
Elemento de entrada Sollers
Parte del nombre distinta del elemento de entrada Philippe
Fechas 1936-
Número Koha 17716
801 #0 - Fuente de origen
Agencia cm
900 ## -
-- 1/6963
900 ## -
-- 7100418727\090304
942 ## - ELEMENTOS DE ENTRADA SECUNDARIOS (KOHA)
Tipo de ítem Koha Livre

Pas d'exemplaire disponible.